[Event "POL-ch Rapid U18"]
[Site "Bydgoszcz"]
[Date "2023.08.29"]
[Round "3"]
[White "Boryna, Szymon"]
[Black "Sakharchuk, Aliaksandr"]
[Result "1/2-1/2"]
[WhiteElo "1689"]
[BlackElo "1346"]
[PlyCount "92"]
[EventDate "2023.08.28"]
[EventType "swiss"]
[EventRounds "11"]
[EventCountry "POL"]
[SourceTitle "EXT 2024"]
[Source "ChessBase"]
[SourceDate "2023.10.10"]
[SourceVersion "1"]
[SourceVersionDate "2023.10.10"]
[SourceQuality "1"]

1. c4 c5 2. Nc3 Nf6 3. g3 g6 4. Bg2 Nc6 5. e4 d6 6. Nge2 Bg7 7. 0-0 0-0 8. a3 a5 9. d3 Bd7 10. h3 Qc8 11. Kh2 Nd4 12. Be3 e5 13. f4 Nh5 14. Nd5 Qd8 15. Nxd4 cxd4 16. Bd2 f5 17. exf5 exf4 18. Bxf4 Nxf4 19. Nxf4 Bxf5 20. Bxb7 Rb8 21. Bd5+ Kh8 22. b3 Be5 23. Rb1 g5 24. Ne6 Bxe6 25. Bxe6 Qe7 26. Bd5 Rf6 27. Rxf6 Qxf6 28. Qf3 Qe7 29. Qg2 h5 30. Kh1 Qh7 31. Be4 Qh6 32. b4 g4 33. h4 Qe3 34. b5 Rf8 35. Rf1 Rxf1+ 36. Qxf1 Kg7 37. Bd5 Qxg3 38. Qf7+ Kh6 39. Qe6+ Kg7 40. Qg8+ Kh6 41. Qg5+ Kh7 42. Be4+ Kh8 43. Qxh5+ Kg7 44. Qg5+ Kh8 45. Qh6+ Kg8 46. Bh7+ Kf7 1/2-1/2

[Event "Wroclaw Anderssen Memorial op-C"]
[Site "Wroclaw"]
[Date "2023.??.??"]
[Round "3"]
[White "Trusewicz, Jakub"]
[Black "Sakharchuk, Aliaksandr"]
[Result "1/2-1/2"]
[WhiteElo "1216"]
[BlackElo "1466"]
[PlyCount "72"]
[EventDate "2023.08.06"]
[EventType "swiss"]
[EventRounds "9"]
[EventCountry "POL"]
[SourceTitle "EXT 2024"]
[Source "ChessBase"]
[SourceDate "2023.10.10"]
[SourceVersion "1"]
[SourceVersionDate "2023.10.10"]
[SourceQuality "1"]

1. e4 e6 2. d4 d5 3. Nc3 Ne7 4. e5 c5 5. Nf3 Nbc6 6. Bf4 a6 7. a4 Nf5 8. Ne2 Qb6 9. c3 Bd7 10. Qd2 cxd4 11. Nfxd4 Ncxd4 12. Nxd4 Nxd4 13. Be3 Bc5 14. Bxd4 Bxd4 15. cxd4 Qb3 16. Be2 Rc8 17. Bd3 Qb6 18. Be2 0-0 19. 0-0 Rc7 20. Ra3 f6 21. a5 Qa7 22. Rg3 Be8 23. exf6 Rxf6 24. Qe3 Bb5 25. Qe5 Rcf7 26. Rc1 Bc6 27. Bg4 Bd7 28. h4 h6 29. Rc7 Kh7 30. Bh5 g6 31. Be2 Rf5 32. Qe3 Qb8 33. h5 g5 34. Rxd7 Rxd7 35. Bd3 Qd6 36. Rf3 Kg7 1/2-1/2